| 000 | 00749cam a2200205 i 4500 | ||
|---|---|---|---|
| 005 | 20251108172750.0 | ||
| 008 | 250721s2001 xx a gr 000 0 ara d | ||
| 082 | 1 | 4 |
_a004.6 _bب ج ا |
| 100 | 1 |
_aالبجالي، زياد نايف _eمؤلف. |
|
| 245 | 1 | 0 |
_aالرسم بإستعمال الحاسب الآلي / _cالمهندس زياد نايف البجالي. |
| 246 | 1 | 1 | _aComputer -Aided Drafting : Autocad 2000. |
| 264 | 1 |
_aعمان : _c2001. _bزياد نايف البجالي، |
|
| 300 | _a126 صفحة. | ||
| 650 | 1 | 7 | _aالحواسيب. |
| 650 | 1 | 7 | _aالرسم بمساعدة الحاسوب. |
| 650 | 1 | 7 | _aالبرمجيات. |
| 650 | 1 | 7 | _aبرامج الحاسوب. |
| 942 |
_2ddc _cBK |
||
| 999 |
_c87937 _d87937 |
||